Statistics for Pentagon Letter Web - Word Generator Puzzle

Click here to take the quiz!

General Stats

  • This quiz has been taken 123 times
  • The average score is 24 of 46

Answer Stats

Word % Correct
Car
97%
Far
95%
Fan
95%
Can
92%
Ran
90%
Race
90%
Face
86%
Fra
85%
Ear
84%
Franc
80%
France
77%
Ace
76%
Care
74%
Are
71%
Fear
70%
Cafe
65%
Near
65%
Fare
64%
Cane
64%
Cran
63%
Arc
56%
Ane
53%
Crane
53%
Fane
53%
Fae
46%
Era
43%
Earn
42%
Arf
41%
Farce
39%
Nare
38%
Facer
35%
Carn
35%
Acer
34%
Nae
34%
Ean
33%
Acre
30%
Acne
27%
Rean
23%
Narc
20%
Caner
20%
Rance
18%
Frae
13%
Ance
10%
Nacre
9%
Crena
5%
Frena
4%

Score Distribution

Percentile by Number Answered

Percent of People with Each Score

Your Score History

You have not taken this quiz